Statistiche per Paesi più vicini alla Turchia

Clicka qui per fare il quiz!

Statistiche generali

  • Questo quiz è stato fatto 85 volte
  • Il punteggio medio è 18 su 20

Statistiche sulle risposte

kmnazione% Corretto
0Grecia
99%
0Bulgaria
95%
0Iran
93%
0Iraq
93%
198Romania
93%
69Cipro
92%
0Siria
90%
0Armenia
89%
0Azerbaijan
89%
136Russia
89%
0Georgia
88%
285Israele
86%
125Libano
86%
420Albania
85%
366Ucraina
85%
274Macedonia
del Nord
84%
322Serbia
84%
388Kosovo
81%
387Moldavia
78%
342Giordania
74%

Distribuzione punteggi

Percentile per numero di risposta

Percentuale di utenti per punteggio

I tuoi punteggi nel tempo

Non hai fatto questo quiz